TOEIC SPEAKING

Shranjeno v:
Bibliografske podrobnosti
Glavni avtor: LÊ HUY LÂM
Format: Knjiga
Jezik:Vietnamese
Izdano: TPHCM 2011
Teme:
Oznake: Označite
Brez oznak, prvi označite!
Thư viện lưu trữ: Mạng thư viện Đại học Đà Nẵng
LEADER 01035cam a22003251a 4500
001 000033839
003 10031
005 20151027000000.0
008 151027s2011 vm 000 vie
041 |a vie 
082 |a ĐO-P  |b 495.92.302 
100 |a LÊ HUY LÂM 
245 |a TOEIC SPEAKING  |c Lê Huy Lâm 
260 |a TPHCM  |c 2011 
300 |a 18.5x26cm 
650 |a TOEIC SPEAKING;LÊ HUY LÂM 
852 |b Chuyên đề  |c Ngôn ngữ tiếng Việt 1 
OWN |a LNN 
AVA |a UDN50  |b LNN  |c English  |d ĐO-P 495.92.302  |e available  |t Error 5001 Not defined in file expand_doc_bib_avail.  |f 1  |g 0  |h N  |i 1  |j AN  |k 1 
999 |a From the UDN01 
AVA |a UDN50  |b LNN  |c English  |d ĐO-P 495.92.302  |e available  |t Error 5001 Not defined in file expand_doc_bib_avail.  |f 1  |g 0  |h N  |i 1  |j AN  |k 1 
TYP |a Monograph 
TYP |a Printed language 
980 |a Mạng thư viện Đại học Đà Nẵng